000 00889nam a2200265 a 4500
001 BRCA_4627
005 20190320204736.0
008 280910s1933----mx-a######---#000-0#spa-#
041 _aspa
044 _amx
050 4 _aNK8214
_b.C47 2 1933
100 1 _aCervantes, Enrique A.
_d1935-
_911709
245 1 0 _aHerreros y forjadores poblanos
_cpor Enrique A. Cervantes ; dibujos y fotografías del autor ; nota preliminar de Alberto J. Pani.
260 _aMéxico
_b[Manuel Casas]
_c1933
300 _alxx hojas sueltas
_bil., 14 fotografías, 23 láminas
_c29 cm.
500 _aIncluye algunas obras del autor
500 _aEjemplar numerado 548 de 1,000
500 _aEjemplar igual a C173
500 _aD37
650 1 4 _aHerrajes
_zPuebla (Ciudad)
_910699
650 1 4 _aForjadores
_zPuebla (Ciudad)
_910700
700 1 _aPani, Alberto J.
_910701
902 _aGFM
942 _2lcc
_cB
999 _c4330
_d4330